000 00743nam a2200217 i 4500
001 189961
003 ES-MaACL
005 20250625170409.0
007 t|
008 200224s1967 sp ||||1| spa d
100 1 _aGuzzetti, Giovanni Battista.
_961325
245 1 3 _aEl hombre y los bienes /
_cGiovanni Battista Guzzetti ; [versión Nicolás López Martínez].
260 _aBilbao :
_bMensajero,
_c1967.
300 _a309 p. ;
_c22 cm.
490 1 _aColeccion "Biblioteca Mensajero" ;
_v15
650 4 _aPropiedad-
_xAspectos religiosos.
_9151166
700 1 _aLópez Martínez, Nicolás,
_d1925-2006
_973762
830 0 _aColeccion "Biblioteca Mensajero" ;
_v15
_9193471
852 _aES-MaACL
_jP-1353-2
999 _c189961
_d189961